| 000 | 00866cam a2200289 a 4500 | ||
|---|---|---|---|
| 001 | 000008070 | ||
| 003 | OSt | ||
| 005 | 20200929154423.0 | ||
| 008 | 920326s1990 sp 000 f spa | ||
| 020 | _a8433909118 | ||
| 040 |
_aDO-SdBNP _bspa _cBNPHU |
||
| 082 |
_a863.64 _bN322a |
||
| 100 | 1 |
_aNavarro, Justo, _d1953- _921978 |
|
| 245 | 1 | 0 |
_aAccidentes íntimos / _cJusto Navarro. |
| 260 |
_aBarcelona : _bAnagrama, _c1990. |
||
| 300 |
_a159 p. ; _c20 cm. |
||
| 490 | 1 |
_aNarrativas hispánicas ; _v101 ; |
|
| 500 | _aIncluye datos biográficos del autor en la solapa de la cubierta | ||
| 586 | _aPremio Heralde de novela | ||
| 590 | _aInventariado, 2020/ YL | ||
| 650 | 4 |
_aNovela española _91123 |
|
| 650 | 4 |
_aLiteratura española _9632 |
|
| 830 | 0 |
_aNarrativas hispánicas _n101 _921979 |
|
| 910 | _aEn proceso | ||
| 942 |
_2ddc _cLF1 |
||
| 956 | _aYLOCKWARD | ||
| 999 |
_c7847 _d7847 |
||